1104 1100 1857 1526 1913 1684 1058 1072 1073 1582 1002 1175 1405 1993 1322 1229 1190 1856 1675 1071 1924 1319 1455 1310 1054 1433 1200 1973 1919 1919 1942 1666 1478 1179 1905 1741 1005 1809 1450 1990 1010 1562 1031 1816 1499 1190 1882 1573 1379 1513 1002 1110 1312 1469 1039 1267 1883 1261 1364 1864 1810 1305 1910 1051 1630 1572 1818 1641 1602 1893 1570 1692 1990 1366 1028 1218 1283 1530 1401 1482 1146 1664 1737 1093 1415 1981 1146 1437 1625 1490 1032 1492 1231 1510 1605 1663 1046 1715 1631 BCNSPRNW ULIB Ver.6.0+V

เปลี่ยนเป็นภาษาไทย

Change to English
 แสดงรายละเอียดบรรณานุกรม
  กลับหน้าหลัก

Brief Record : Get Marc (ISO 2709) : E-mail record : QR code < ปิดหน้าต่าง
LEADER : 00000nam 2200000uu 4500
001    13399109883
003     ULIB
008    110418s2550||||th 000 0 tha d
020    9789747838770
060 04 WD220^bป335ต 2550
245 00 ตำราปัญหาสารนํ้าอิเล็กโตรไลต์และดุลกรดด่างในเด็ก /^cบรรณาธิการ ประไพพิมพ์ ธีรคุปต์ ... [และคนอื่นๆ]
250    พิมพ์ครั้งที่ 1
260    กรุงเทพฯ :^bชมรมโรคไตเด็กแห่งประเทศไทย,^c2550
300    349 หน้า :^bภาพประกอบ ;^c26 ซม.
650  2 Water-electrolyte Imbalance^xin infancy & chilhood
650  7 อีเล็คโตรลัยท์^xในวัยทารกและวัยเด็ก
650  7 กรด^xในวัยทารกและวัยเด็ก
650  7 ไต, โรค^xในวัยทารกและวัยเด็ก
650  7 สารนํ้าในนํ้าลาย^xในวัยทารกและวัยเด็ก
700 0  ประไพพิมพ์ ธีรคุปต์,^eบรรณาธิการ
945    ^p400^l0^i022980
995    ทศพร
999 ^a ใช้งานได้ทุกระบบ
รายการนี้ยังไม่มีแท็ก
คุณยังไม่ได้ล็อกอิน คุณสามารถมีกิจกรรมร่วมกับเว็บไซต์ได้ แต่ต้องล็อกอินก่อน ::
  ล็อกอิน

รายการสื่อสารสนเทศ

ลำดับที่ ประเภท เลขเรียก/บาร์โค้ด สถานที่ สถานะ
- ไม่พบข้อมูล -

BibComment


ยังไม่เคยถูกคอมเมนท์

คอมเมนท์ทรัพยากรรายการนี้
  คอมเมนท์: ตำราปัญหาสารนํ้าอ..


 Copyright 2026. Bcnsprnw @Library